Statistics for U.S. States Closest to Russia

Click here to take the quiz!

General Stats

  • This quiz has been taken 176 times
  • The average score is 13 of 14

Answer Stats

miState% Correct
2Alaska
100%
2372California
97%
1990Washington
97%
2128Oregon
95%
2172Idaho
92%
2485Nevada
92%
2200Montana
91%
2540North Dakota
90%
1927Hawaii
89%
2708South Dakota
88%
2650Utah
86%
2562Wyoming
86%
2848Colorado
84%
2732Minnesota
69%

Score Distribution

Percentile by Number Answered

Percent of People with Each Score

Your Score History

You have not taken this quiz